000 00835nam a2200217 a 4500
001 000046677
005 20240305141307.0
008 110224s2017 dr 000 p spa d
020 _a9789945503036
040 _aDO-SdBNP
_bspa
_cBNPHU
082 _axxx
_bxxx
100 1 _aSánchez Lamouth, Juan,
_d1929-1968
_920547
245 1 0 _aPresencia de los frutos :
_b(selección poética) /
_cJuan Sánchez Lamouth ; prólogo Manuel García Cartagena ; selección Cayo Claudio Espinal, José Enrique García.
260 _aSanto Domingo :
_bMinisterio de cultura,
_c2017.
300 _a164 p. ;
_c20 cm.
490 1 _aBiblioteca dominicana básica
_v2
490 1 _aPoesía
500 _aIncluye datos biografícos del autor en las solapas.
590 _aInventariado, 2018/ YL
830 0 _aBiblioteca dominicana básica
_n2
_pPoesía
_974629
999 _c46166
_d46166